ARRUPE JESUIT UNIVERSITY

CORONAVIRUS -STOP THE SPREAD - CLEAN,DISINFECT,COVER

Dialogue and deconstruction : (Record no. 124194)

MARC details
000 -LEADER
fixed length control field 01181pam a2200337 a 4500
001 - CONTROL NUMBER
control field 4802336
003 - CONTROL NUMBER IDENTIFIER
control field ARRUPE
005 - DATE AND TIME OF LATEST TRANSACTION
control field 20160216110939.0
008 - FIXED-LENGTH DATA ELEMENTS--GENERAL INFORMATION
fixed length control field 880729s1989 nyu b s001 0 eng
010 ## - LIBRARY OF CONGRESS CONTROL NUMBER
LC control number 88024792
020 ## - INTERNATIONAL STANDARD BOOK NUMBER
International Standard Book Number 0791400085
020 ## - INTERNATIONAL STANDARD BOOK NUMBER
International Standard Book Number 0791400093 (pbk.)
040 ## - CATALOGING SOURCE
Original cataloging agency DLC
Transcribing agency DLC
Modifying agency DLC
050 00 - LIBRARY OF CONGRESS CALL NUMBER
Classification number B3248.G34
Item number D53 1989
082 00 - DEWEY DECIMAL CLASSIFICATION NUMBER
Classification number 149
Edition number 19
300 ## - PHYSICAL DESCRIPTION
Dimensions 24 cm.
245 00 - TITLE STATEMENT
Title Dialogue and deconstruction :
Remainder of title the Gadamer-Derrida encounter /
Statement of responsibility, etc edited by Diane P. Michelfelder & Richard E. Palmer.
260 ## - PUBLICATION, DISTRIBUTION, ETC. (IMPRINT)
Place of publication, distribution, etc Albany :
Name of publisher, distributor, etc State University of New York Press,
Date of publication, distribution, etc c1989.
300 ## - PHYSICAL DESCRIPTION
Extent x, 352 p. ;
440 #0 - SERIES STATEMENT/ADDED ENTRY--TITLE
Title SUNY series in contemporary continental philosophy
9 (RLIN) 10482
500 ## - GENERAL NOTE
General note Includes indexes.
504 ## - BIBLIOGRAPHY, ETC. NOTE
Bibliography, etc Bibliography: p. [295]-316.
600 10 - SUBJECT ADDED ENTRY--PERSONAL NAME
Personal name Gadamer, Hans-Georg,
Dates associated with a name 1900-
9 (RLIN) 22355
600 10 - SUBJECT ADDED ENTRY--PERSONAL NAME
Personal name Derrida, Jacques.
9 (RLIN) 22356
650 #0 - SUBJECT ADDED ENTRY--TOPICAL TERM
Topical term or geographic name as entry element Hermeneutics
General subdivision History
Chronological subdivision 20th century.
9 (RLIN) 21591
650 #0 - SUBJECT ADDED ENTRY--TOPICAL TERM
Topical term or geographic name as entry element Deconstruction
General subdivision History.
9 (RLIN) 22357
700 1# - ADDED ENTRY--PERSONAL NAME
Personal name Michelfelder, Diane P.,
Dates associated with a name 1953-
9 (RLIN) 22358
700 1# - ADDED ENTRY--PERSONAL NAME
Personal name Palmer, Richard E.,
Dates associated with a name 1933-
9 (RLIN) 22359
906 ## - LOCAL DATA ELEMENT F, LDF (RLIN)
a 7
b cbc
c orignew
d 1
e ocip
f 19
g y-gencatlg
942 ## - ADDED ENTRY ELEMENTS (KOHA)
Source of classification or shelving scheme Library of Congress Classification
Koha item type Monograph ( Printed materials)
Holdings
Withdrawn status Lost status Source of classification or shelving scheme Damaged status Not for loan Collection code Home library Current library Shelving location Date acquired Total Checkouts Full call number Barcode Date last seen Price effective from Koha item type
    Library of Congress Classification     Main Collection ARRUPE LIBRARY ARRUPE LIBRARY Main Collection 16/02/2016   B3248.G34 D53 1989 46500006238 16/02/2016 16/02/2016 Monograph ( Printed materials)

 

Arrupe Library. PO Box MP320 Mt Pleasant, Harare, Zimbabwe
263 242 745411|librarian@aju.ac.zw